000 00752nam a2200241Ia 4500
003 OSt
005 20220925220016.0
006 a|||||r|||| 00| 0
007 ta
008 220923b |||||||| |||| 00| 0 eng d
037 _cGeneral Book
040 _aRTL
_cRTL
_beng
041 _2eng
_aeng
082 _aU671:(G:55), N6
100 _aDavis Peter
_9283961
245 0 _aMuseums and the natural environment
_b Role of natural history museum in bilogical Consevation
260 _aLondon
_bLeicester University Press UK
_c1996
300 _axvii,286p. Bib chapterwise
_ccm.
490 _aLeicester Museum Studies
650 _aGeoparphy
942 _hU671:(G:55), N6
_cGB
_2CC
999 _c570274
_d570274